000 00669nam a2200289Ia 4500
005 20260324140324.0
008 008 260324s9999 xx 000 0 eng d
020 _a9780429436406
037 _aEBOOK
040 _aCRL
040 _beng
040 _cCRL
041 _2eng
041 _aeng
084 _qCRL
100 _aPeter I Hajnal
_91203959
245 4 _aThe G7/G8 System
245 0 _bEvolution, Role and Documentation
260 _bTaylor and Francis
260 _c1999
365 _a
365 _b170
856 _uhttp://www.taylorfrancis.com/books/9780429436406
942 _cEBOOK
999 _c1805918
_d1805918